000 01080nam a22002897a 4500
001 4847
003 FISKH
005 20241017153605.0
008 241017b cb ||||| |||| 00| 0 eng d
020 _a9780194789042
040 _aFISKH
_beng
_cFISKH
_dFISKH
050 _aPE1119.V53
082 _a809
100 _aVicary, Tim
245 _aThe Elephant Man /
_cby Tim Vicary
260 _aNew York :
_bOxford University Press ;
_c2008.
300 _a56 pages :
_billustrations ;
_c21 cm .
490 _aOxford Bookworms
_vBook 1
505 _aK
520 _aHe is not beautiful. His mother does not want him, children run away from him. People laugh at him, and call him 'The Elephant Man'. someone speaks to him - and listens to him! At the age of 27, Joseph Merrick finds a friend for the first time in his life. This is a true and tragic story. It is also a famous film.
521 8 _a510
_bLexile
521 8 _aK
_bRaz-Plus
650 _ablue-ranger
_vfiction
700 _aHarris, Nick
_eillustrator
942 _2ddc
_cBK
_n0
999 _c4847
_d4847